01205nam a22002537a 4500999001500000003000900015008004100024020001800065040007100083082001700154100001800171245006200189260002900251300002800280440005900308505033200367650002000699650003300719650003300752700004500785942001600830945000800846952009700854 c3676d3676AR-CdUCM190307b ||||| |||| 00| 0 spa d a84.309-0454-9 aMUNICIPALIDAD PROVINCIAL DEL CUSCOcBIBLIOTECA MUNICIPAL DEL CUSCO a338.9 /bD85 aDobb, Maurice aEnsayos sobre capitalismo, desarrollo y planificación / aMadrid :bTecnos,c1973. a235 páginas ;c24 cm. aBiblioteca Tecnos de ciencias económicas.n17911938 aContenido: Problemas de la historia del capitalismo -- Algunas cuestiones sobre desarrollo económico -- Reflexiones sobre la teoría de la planificación de inversiones y el desarrollo económico -- La cuestión de la "prioridad de la inversión en industria pesada" -- La planificación y la economía soviética ... aEconomía9382 aDesarrollo económico91696 aPolítica económica91407 aMartinez Pujana, Ana (traductora)911939 2ddccLIBROS azta 002ddc4070aSHbSHcCARTd2019-03-07g20.00o338.9 / D85pSH0000004285r2019-03-07yLIBROS